000 00464nam a22001817a 4500
003 CEME
005 20210628202500.0
008 210111b xxu||||| |||| 00| 0 eng d
020 _a978007072448
040 _cceme
082 _a621.3121 ELW
100 _aEl-Wakil, M.M, Al-Wakil, M.M
_960093
245 _aPowerplant technology
260 _aNEW DELHI
_bMCGRAW HILL
_c2010
300 _aXV, 861P
650 _aPOWERPLANT TECHNOLOGY
_960094
942 _cBK
_2ddc
999 _c569915
_d569915